New headway : (Record no. 2518)
[ view plain ]
| 000 -LEADER | |
|---|---|
| fixed length control field | 01506cam a22003735a 4500 |
| 003 - CONTROL NUMBER IDENTIFIER | |
| control field | EG-ScBUE |
| 005 - DATE AND TIME OF LATEST TRANSACTION | |
| control field | 20220529141616.0 |
| 008 - FIXED-LENGTH DATA ELEMENTS--GENERAL INFORMATION | |
| fixed length control field | 101121r20002009enka f 000 0 eng d |
| 020 ## - INTERNATIONAL STANDARD BOOK NUMBER | |
| International Standard Book Number | 0194366707 (Student's book) |
| 020 ## - INTERNATIONAL STANDARD BOOK NUMBER | |
| International Standard Book Number | 9780194366700 (Student's book) |
| 020 ## - INTERNATIONAL STANDARD BOOK NUMBER | |
| International Standard Book Number | 0194366731 (Workbook) |
| 020 ## - INTERNATIONAL STANDARD BOOK NUMBER | |
| International Standard Book Number | 9780194366731 (Workbook) |
| 040 ## - CATALOGING SOURCE | |
| Original cataloging agency | EG-ScBUE |
| Language of cataloging | eng |
| Description conventions | rda |
| Transcribing agency | EG-ScBUE |
| Modifying agency | EG-ScBUE |
| 082 04 - DEWEY DECIMAL CLASSIFICATION NUMBER | |
| Classification number | 428.24 |
| Item number | SOA |
| Edition number | 22 |
| 100 1# - MAIN ENTRY--PERSONAL NAME | |
| Personal name | Soars, John, |
| Dates associated with a name | 1951- |
| Relator term | author. |
| 9 (RLIN) | 21210 |
| 245 10 - TITLE STATEMENT | |
| Title | New headway : |
| Remainder of title | English course, |
| Name of part/section of a work | Pre-intermediate / |
| Statement of responsibility, etc | John, Liz Soars. |
| 246 30 - VARYING FORM OF TITLE | |
| Title proper/short title | Pre-intermediate |
| 250 ## - EDITION STATEMENT | |
| Edition statement | Reprint edition. |
| 264 #1 - PUBLICATION, DISTRIBUTION, ETC. (IMPRINT) | |
| Place of publication, distribution, etc | Oxford ; |
| -- | New York : |
| Name of publisher, distributor, etc | Oxford University Press, |
| Date of publication, distribution, etc | 2009. |
| 300 ## - PHYSICAL DESCRIPTION | |
| Extent | 2 volumes : |
| Other physical details | illustrations ; |
| Dimensions | 28 cm |
| 336 ## - CONTENT TYPE | |
| Source | rdacontent |
| Content type term | text |
| Content type code | txt |
| 337 ## - MEDIA TYPE | |
| Source | rdamedia |
| Media type term | unmediated |
| Media type code | n |
| 338 ## - CARRIER TYPE | |
| Source | rdacarrier |
| Carrier type term | volume |
| Carrier type code | nc |
| 500 ## - GENERAL NOTE | |
| General note | Includes appendix. |
| 505 0# - FORMATTED CONTENTS NOTE | |
| Formatted contents note | Student's book -- Workbook without key. |
| 520 ## - SUMMARY, ETC. | |
| Summary, etc | A new edition with a modified syllabus and extensive new material. |
| 650 #7 - SUBJECT ADDED ENTRY--TOPICAL TERM | |
| Topical term or geographic name as entry element | English language |
| Form subdivision | Textbooks for foreign speakers. |
| Source of heading or term | BUEsh |
| 9 (RLIN) | 21211 |
| 650 #7 - SUBJECT ADDED ENTRY--TOPICAL TERM | |
| Topical term or geographic name as entry element | English language |
| General subdivision | Grammar |
| Form subdivision | Problems, exercises, etc. |
| Source of heading or term | BUEsh |
| 9 (RLIN) | 21212 |
| 653 ## - INDEX TERM--UNCONTROLLED | |
| Resource For college | Humanities: English |
| Arrived date list | December2019 |
| 655 ## - INDEX TERM--GENRE/FORM | |
| Form subdivision | Reading book |
| 9 (RLIN) | 34232 |
| 700 1# - ADDED ENTRY--PERSONAL NAME | |
| Personal name | Soars, Liz, |
| Dates associated with a name | 1945- |
| Relator term | author. |
| 9 (RLIN) | 34639 |
| 856 ## - ELECTRONIC LOCATION AND ACCESS | |
| Terminal emulation | WWW. oup. com/elt /headway for interactive resources |
| Uniform Resource Identifier | <a href="https://elt.oup.com/student/headway/?cc=eg&selLanguage=en">https://elt.oup.com/student/headway/?cc=eg&selLanguage=en</a> |
| 942 ## - ADDED ENTRY ELEMENTS (KOHA) | |
| Koha item type | Book - Borrowing |
| Call number prefix | 428.24 SOA |
| Source of classification or shelving scheme | Dewey Decimal Classification |
| Withdrawn status | Lost status | Source of classification or shelving scheme | Damaged status | Not for loan | Collection code | Home library | Current library | Shelving location | Date acquired | Source of acquisition | Total Checkouts | Total Renewals | Full call number | Barcode | Date last seen | Date checked out | Koha item type | Public note | Checked out | Price effective from | Cost, normal purchase price | Cost, replacement price |
|---|---|---|---|---|---|---|---|---|---|---|---|---|---|---|---|---|---|---|---|---|---|---|
| Dewey Decimal Classification | Baccah | Central Library | Central Library | Second Floor | 15/09/2015 | Purchase | 12 | 5 | 428.24 SOA | 000001513 | 15/07/2025 | 09/10/2016 | Book - Borrowing | Student's book | ||||||||
| Dewey Decimal Classification | Baccah | Central Library | Central Library | Second Floor | 12/09/2007 | Purchase | 18 | 4 | 428.24 SOA | 000001512 | 19/03/2015 | 19/03/2015 | Book - Borrowing | Student's book | 07/10/2015 | |||||||
| Dewey Decimal Classification | Baccah | Central Library | Central Library | Second Floor | 26/03/2007 | Purchase | 4 | 3 | 428.24 SOA | 000001626 | 19/03/2015 | 19/03/2015 | Book - Borrowing | Workbook without key | 07/10/2015 | 25/02/2007 | ||||||
| Lost | Dewey Decimal Classification | Baccah | Central Library | Central Library | Second Floor | 26/03/2007 | Purchase | 7 | 11 | 428.24 SOA | 000001625 | 10/09/2025 | 17/09/2014 | Book - Borrowing | Workbook without key | 25/02/2007 | 460.00 | 575.00 | ||||
| Dewey Decimal Classification | Baccah | Central Library | Central Library | Second Floor | 26/03/2007 | Purchase | 2 | 428.24 SOA | 000001624 | 15/07/2025 | 03/02/2014 | NB - Book (Non borrowing) | Workbook without key |